Mi pareja es mi rival = Notre univers impitoyable /
Margot y Víctor forman una pareja perfecta, realizados profesionalmente, su amor es a prueba de todo. Pero un día se ven en la necesidad de competir por un puesto de trabajo y eso pondrá en tela de juicio todo lo demás. En el mundo laboral no hay lugar para la piedad.
Uloženo v:
| Hlavní autor: | |
|---|---|
| Další autoři: | , , |
| Médium: | |
| Jazyk: | francouzština |
| Edice: | (Tour de Cine Francés)
|
| Témata: | |
| Tagy: |
Žádné tagy, Buďte první, kdo vytvoří štítek k tomuto záznamu!
|
MARC
| LEADER | 00000ngm^a2200000^a^4500 | ||
|---|---|---|---|
| 001 | 000403212 | ||
| 005 | 20250521000000.0 | ||
| 009 | 20260310121731.813 | ||
| 037 | |a Acervo ITESO - Biblioteca | ||
| 041 | |a FRA | ||
| 082 | |a 840. |b FAZ | ||
| 100 | |a Fazer, Léa |e (realización) | ||
| 240 | 1 | 1 | |a [Mi pareja es mi rival] |
| 245 | 1 | 0 | |a Mi pareja es mi rival = |b Notre univers impitoyable / |c Realizació de L. Fazer. |
| 264 | 2 | |a México : |b Cinemas Nueva Era [distribución], |c fecha no identificada | |
| 300 | |a 1 DVD regiones 1 y 4 (87 min.) : |b color | ||
| 336 | |a imagen móvil bidimensional |b tdi |2 rdacontenido | ||
| 337 | |a video |b v |2 rdamedio | ||
| 338 | |a videodisco |b vd |2 rdasoporte | ||
| 440 | 1 | |a (Tour de Cine Francés) | |
| 520 | |a Margot y Víctor forman una pareja perfecta, realizados profesionalmente, su amor es a prueba de todo. Pero un día se ven en la necesidad de competir por un puesto de trabajo y eso pondrá en tela de juicio todo lo demás. En el mundo laboral no hay lugar para la piedad. | ||
| 649 | |a XX | ||
| 650 | |a Cineastas Suizos | ||
| 650 | |a Comedias Cinematográficas | ||
| 650 | |a Cine de Mujeres - |z Francia | ||
| 650 | |a Cine Francés - |y 2000-2009 | ||
| 650 | |a Cine Francés - |y Siglo XXI | ||
| 650 | |a Relaciones de Pareja en el Cine | ||
| 650 | |a Relaciones Laborales en el Cine | ||
| 650 | |a Clima Organizacional | ||
| 650 | |a Competencia (Economía) | ||
| 700 | |a Taglioni, Alice |e (actuación) | ||
| 700 | |a Quivrin, Jocelyn |e (actuación) | ||
| 700 | |a Lhermitte, Thierry |e (actuación) | ||
| 910 | |a Fondo General | ||
| 920 | |a Audiovisuales - DVDs | ||
| 940 | |a Películas | ||
| 905 | |a 302 | ||
| 901 | |a 0500298585 |b IT2 |c DVS |i c156057 |u 20250521 | ||
| 902 | |a https://opac.biblio.iteso.mx/vufind/Record/000403212 | ||